Effective Methods for Software testing (Record no. 16880)
[ view plain ]
| 000 -LEADER | |
|---|---|
| fixed length control field | 00340nam a22001217a 4500 |
| 008 - FIXED-LENGTH DATA ELEMENTS--GENERAL INFORMATION | |
| fixed length control field | 140110t xxu||||| |||| 00| 0 eng d |
| 020 ## - INTERNATIONAL STANDARD BOOK NUMBER | |
| International Standard Book Number | 0-7645-9837-6 |
| 100 ## - MAIN ENTRY--PERSONAL NAME | |
| Personal name | William E. Perry |
| 9 (RLIN) | 618 |
| 245 ## - TITLE STATEMENT | |
| Title | Effective Methods for Software testing |
| Remainder of title | includes complete guidelines and checklists |
| 250 ## - EDITION STATEMENT | |
| Edition statement | 3rd Ed. |
| 300 ## - PHYSICAL DESCRIPTION | |
| Extent | 400 |
| 942 ## - ADDED ENTRY ELEMENTS (KOHA) | |
| Source of classification or shelving scheme | |
| Koha item type | Book |
| Withdrawn status | Lost status | Source of classification or shelving scheme | Damaged status | Not for loan | Collection code | Permanent Location | Current Location | Date acquired | Total Checkouts | Full call number | Barcode | Date last seen | Price effective from | Koha item type |
|---|---|---|---|---|---|---|---|---|---|---|---|---|---|---|
| Atta-ur-Rahman School of Applied Biosciences (ASAB) | Atta-ur-Rahman School of Applied Biosciences (ASAB) | 01/10/2014 | 005.1 PER | ASAB811 | 01/13/2016 | 01/10/2014 | Book |
